<?xml version="1.0" encoding="UTF-8"?>
<marc:record xmlns:marc="http://www.loc.gov/MARC21/slim">
   <marc:leader>00000nam a2200000 a 4500</marc:leader>
   <marc:datafield ind1="1" ind2=" " tag="100">
      <marc:subfield code="a">Mann, Tobias</marc:subfield>
      <marc:subfield code="4">aut</marc:subfield>
      <marc:subfield code="e">Verfasser/-in</marc:subfield>
   </marc:datafield>
   <marc:datafield ind1="0" ind2="0" tag="245">
      <marc:subfield code="a">Hilfe, die Googles kommen!</marc:subfield>
   </marc:datafield>
   <marc:datafield ind1="0" ind2="0" tag="245">
      <marc:subfield code="b">mein Leben als Digital Dummy</marc:subfield>
   </marc:datafield>
   <marc:datafield ind1="0" ind2="0" tag="245">
      <marc:subfield code="c">Tobias Mann. Mit Ill. von Annette Klumpp</marc:subfield>
   </marc:datafield>
   <marc:datafield ind1=" " ind2="1" tag="264">
      <marc:subfield code="a">Berlin</marc:subfield>
      <marc:subfield code="b">Ullstein</marc:subfield>
      <marc:subfield code="c">2013</marc:subfield>
   </marc:datafield>
   <marc:datafield ind1=" " ind2=" " tag="250">
      <marc:subfield code="a">Orig.-Ausg., 1. Aufl.</marc:subfield>
   </marc:datafield>
   <marc:datafield ind1="1" ind2=" " tag="520">
      <marc:subfield code="a">Angaben aus der Verlagsmeldung

Hilfe, die Googles kommen! : Mein Leben als Digital Dummy / von Tobias Mann

Welche Werke hätte Hemingway im digitalen Zeitalter verfasst? Eine Sammlung von Surftipps für Senioren mit dem Titel „Der alte Mann und das Netz“? Fragen wie diese schießen Tobias Mann durch den Kopf, wenn er in seinem ersten Buch die unendlichen Weiten des World Wide Web ergründet – und die realsatirischen Auswirkungen auf seine Umwelt. Mit Witz und Tempo berichtet er von der iPhone-Sucht seines dreijährigen Sohnes, den Computer-Nöten der Mutter („Du, Toby, mein WORD ist weg!?“) – und schildert, wie uns Apple, Google und Co. zur Evolution zwingen. Denn in der digitalen Welt muss man stets ein paar Pointen voraus sein – und dafür ist Tobias Mann genau der richtige, ähm, Mann.
</marc:subfield>
   </marc:datafield>
   <marc:datafield ind1=" " ind2=" " tag="020">
      <marc:subfield code="a">9783548374536</marc:subfield>
      <marc:subfield code="9">9783548374536</marc:subfield>
   </marc:datafield>
   <marc:datafield ind1=" " ind2=" " tag="020">
      <marc:subfield code="a">3548374530</marc:subfield>
      <marc:subfield code="9">3548374530</marc:subfield>
   </marc:datafield>
   <marc:datafield ind1=" " ind2=" " tag="041">
      <marc:subfield code="a">ger</marc:subfield>
   </marc:datafield>
</marc:record>
